000 00453nam a2200169Ia 4500
999 _c29044
_d29044
003 OSt
005 20260305125035.0
008 190216s9999||||xx |||||||||||||| ||und||
040 _coclc
082 _a864.342
_bCOE/Z
100 1 _aCoelho, Paulo
_95599
245 0 _aThe Zahir /
_cPaulo Coelho
260 _bDc Books,
_aKottayam:
_c2007.
300 _a286p
650 _aNovel
942 _cBK
_2ddc
_h864.342
_iCOE/Z
_k864.342
_mCOE/Z